| 000 | 01248nab a22002417a 4500 | ||
|---|---|---|---|
| 999 |
_c6275 _d6275 |
||
| 003 | OSt | ||
| 005 | 20260128204937.0 | ||
| 008 | 190514b xxu||||| |||| 00| 0 spa d | ||
| 040 | _cPJ | ||
| 100 |
_95888 _aDelgado Solis, Elba Érika |
||
| 245 | 1 | 3 |
_aLa perspectiva de género : _cuna herramienta interpretativa que va más allá de la violencia / _bErika Delgado Solis. |
| 300 | _ap. 189-195 | ||
| 500 | _aCita: TR LALEY AR/DOC/2710/2025. | ||
| 505 | _aSumario: I. Breves palabras introductorias.— II. Plataforma fáctica y normativa. Valoración de los argumentos dados por los magistrados en su decisión.— III. La perspectiva de género como herramienta que garantiza derechos.— IV. Palabras de cierre. | ||
| 505 | _tFallo comentado: CFamilia, Mendoza ~ 15/05/2025 ~ O., L. A. c. B., V. R. s/ acción de nulidad. | ||
| 650 | 0 |
_9967 _aDERECHO DE FAMILIA |
|
| 650 | 0 |
_91022 _aLIQUIDACION DE LA SOCIEDAD CONYUGAL |
|
| 650 | 0 |
_93053 _aVIOLENCIA DE GÉNERO |
|
| 650 | 0 |
_94044 _aPERSPECTIVA DE GÉNERO |
|
| 650 | 0 |
_91057 _aJURISPRUDENCIA APLICABLE |
|
| 773 | 0 |
_02844 _93222 _dBuenos Aires : AbeledoPerrot, 1989- _tDerecho de familia. Revista Interdisciplinaria de doctrina y jurisprudencia. Diciembre 2025-VI. _z18511201 |
|
| 942 |
_2udc _cANA |
||